[Event "Antofagasta Zicosur op 1st"]
[Site "Antofagasta"]
[Date "2015.01.07"]
[Round "5"]
[White "Castillo Palma, Hernan"]
[Black "Arias Flores, Eladio"]
[Result "0-1"]
[WhiteElo "1863"]
[BlackElo "2120"]
[PlyCount "66"]
[EventDate "2015.01.05"]
[EventType "swiss"]
[EventRounds "10"]
[EventCountry "CHI"]
[SourceTitle "CBM 164 Extra"]
[Source "ChessBase"]
[SourceDate "2015.03.02"]
[SourceVersion "1"]
[SourceVersionDate "2015.03.02"]
[SourceQuality "1"]

1. d4 Nf6 2. f3 d5 3. Bg5 Bf5 4. e3 h6 5. Bxf6 gxf6 6. Bd3 Qd7 7. Ne2 e5 8. Bxf5 Qxf5 9. Ng3 Qe6 10. Qe2 Nd7 11. Nd2 h5 12. Rf1 h4 13. Nh1 0-0-0 14. c3 Kb8 15. 0-0-0 c5 16. dxc5 Bxc5 17. Nb3 Bb6 18. e4 Nc5 19. Nxc5 Bxc5 20. Nf2 d4 21. Qb5 Rc8 22. Qb3 dxc3 23. Rd5 Be3+ 24. Kc2 cxb2+ 25. Kxb2 Bd4+ 26. Kb1 Rc3 27. Qb4 Rhc8 28. Rd6 R8c4 29. Rd8+ Kc7 30. Qa5+ Bb6 31. Qd5 Qxd5 32. Rxd5 Rb4+ 33. Ka1 Bxf2 0-1